C#.NET fundas (Record no. 10843)

000 -LEADER
fixed length control field 00406 a2200157 4500
020 ## - INTERNATIONAL STANDARD BOOK NUMBER
International Standard Book Number 9788176565806
082 ## - DEWEY DECIMAL CLASSIFICATION NUMBER
Classification number 005.133
090 ## - LOCALLY ASSIGNED LC-TYPE CALL NUMBER (OCLC); LOCAL CALL NUMBER (RLIN)
-- 7034
-- 7034
100 ## - MAIN ENTRY--PERSONAL NAME
Personal name Kanetkar, Yashavant P.
245 ## - TITLE STATEMENT
Title C#.NET fundas
Statement of responsibility, etc. Yashavant P. Kanetkar
260 ## - PUBLICATION, DISTRIBUTION, ETC.
Place of publication, distribution, etc. Singapore
Name of publisher, distributor, etc. Tech Publications
Date of publication, distribution, etc. 2002
300 ## - PHYSICAL DESCRIPTION
Extent 218 p.
650 ## - SUBJECT ADDED ENTRY--TOPICAL TERM
Topical term or geographic name entry element C#--Microsoft .NET.
700 ## - ADDED ENTRY--PERSONAL NAME
Personal name Yashavant P. Kanetkar
942 ## - ADDED ENTRY ELEMENTS (KOHA)
Koha item type Book
Call number prefix 005.133 KAN
Holdings
Withdrawn status Lost status Damaged status Not for loan Collection code Permanent Location Current Location Shelving location Date acquired Source of acquisition Cost, normal purchase price Total Checkouts Full call number Barcode Date last seen Date last checked out Price effective from Koha item type Total Renewals
          Central Library (CL) Central Library (CL) First Floor - Software Engineering/ Programming Language 04/13/2012 Allied Book Company 570.24 1 005.133 KAN SEECS011191 06/10/2015 05/11/2015 01/05/2017 Book  
          Central Library (CL) Central Library (CL) First Floor - Software Engineering/ Programming Language 04/13/2012 Allied Book Company 570.24 1 005.133 KAN SEECS011190 06/10/2015 05/12/2015 01/05/2017 Book  
          Central Library (CL) Central Library (CL) First Floor - Software Engineering/ Programming Language 04/13/2012 Allied Book Company 570.24 2 005.133 KAN SEECS011189 09/05/2015 05/12/2015 01/05/2017 Book 1
© 2023 Central Library, National University of Sciences and Technology. All Rights Reserved.